| 000 | 00460cam a2200169ua 4500 | ||
|---|---|---|---|
| 041 |
_aeng _h |
||
| 082 |
_a821 _bHIW/MI |
||
| 100 | _aHowarth, R G . | ||
| 245 |
_aMinor poets of the seventeenth century / _cR G Howarth. _hTextual Documents |
||
| 260 |
_aLondon : _bJ M Dent and Sons Ltd , _c1963. |
||
| 300 | _a386 ; . | ||
| 440 | 0 |
_aEveryman`s Library, _v873 _x; |
|
| 490 | 0 |
_aEveryman`s Library, _v873 _x; |
|
| 504 | _a | ||
| 942 | _cBK | ||
| 999 |
_c444 _d444 |
||